000
00317 a2200121 4500
000
nam a22 7a 4500
005
20260206095517.0
020
_a
9789348650207
100
_a
Ed. Devshankar Naveen
_9
1114020
245
_a
75 Kavitayen : Rajkamal Chaudhary
260
_b
Nayee Kitab Prakashan
_c
2025
942
_c
TEXL
999
_c
1678730
_d
1678730